| 000 | 00371nam a2200157Ia 4500 | ||
|---|---|---|---|
| 008 | 230917s9999||||xx |||||||||||||| ||und|| | ||
| 020 | _cRS400 | ||
| 040 |
_e33343 _aMAIN |
||
| 041 | _aEnglish | ||
| 082 | _a820.3 S41D | ||
| 100 | _aSehgal, Ragni | ||
| 245 | 0 | _aDictionary of English literature | |
| 260 |
_aNew Delhi _bSarup _c1998 |
||
| 300 | _a227 p. | ||
| 942 | _cBK | ||
| 999 |
_c106655 _d106655 |
||